L'approche fondeé sur la notion de risque et les soins de santé (Record n. 206138)

Dettagli MARC
000 -LEADER
fixed length control field 00845npc a2200241Ia 4500
001 - CONTROL NUMBER
control field oms1-1132 [d000001072]
003 - CONTROL NUMBER IDENTIFIER
control field IT-MiCISF
008 - FIXED-LENGTH DATA ELEMENTS--GENERAL INFORMATION
fixed length control field 161014s9999||||xx | und||
040 ## - CATALOGING SOURCE
Original cataloging agency IT-MiCISF
Transcribing agency IT-MiCISF
041 ## - LANGUAGE CODE
Language code of text/sound track or separate title fr
999 ## - SYSTEM CONTROL NUMBERS (KOHA)
Koha Dewey Subclass [OBSOLETE] si
100 ## - MAIN ENTRY--PERSONAL NAME
Personal name Backett E. Maurice
240 ## - UNIFORM TITLE
Uniform title L'approche fondeé sur la notion de risque et les soins de santé
245 #0 - TITLE STATEMENT
Title L'approche fondeé sur la notion de risque et les soins de santé
Remainder of title Notamment la santé maternelle et infantile
250 ## - EDITION STATEMENT
Edition statement 1a ed.
260 ## - PUBLICATION, DISTRIBUTION, ETC. (IMPRINT)
Place of publication, distribution, etc. Ginevra
Name of publisher, distributor, etc. Organisation Mondiale de la Santé
Date of publication, distribution, etc. 1984
300 ## - PHYSICAL DESCRIPTION
Extent pp. 133
500 ## - GENERAL NOTE
General note / salute, infanzia, maternità, problemi-infanzia, educazione-alla-salute, servizi-sanitari /
650 ## - SUBJECT ADDED ENTRY--TOPICAL TERM
Topical term or geographic name as entry element salute-cura
700 ## - ADDED ENTRY--PERSONAL NAME
Personal name Davies A. Michel
700 ## - ADDED ENTRY--PERSONAL NAME
Personal name Petros-Barvazian Angele
942 ## - ADDED ENTRY ELEMENTS (KOHA)
Koha item type DOCUMENTI
957 ## -
-- 1
999 ## - SYSTEM CONTROL NUMBERS (KOHA)
-- 1
Dati di copia
Withdrawn status Lost status Damaged status Not for loan Home library Current library Date acquired Total Checkouts Full call number Date last seen Price effective from Koha item type Public note
    Buone Condizioni Not For Loan CISF - Milano CISF - Milano 14/10/2016   oms1-1132 [d000001072] 14/10/2016 14/10/2016 DOCUMENTI Data import 15.10.2016 / by Epidotti, Vaglietti
CREDITS: SOCIETA' SAN PAOLO Via A.Severo, 58 - ROMA (RM) & PERIODICI SAN PAOLO SRL Via Giotto, 36 MILANO & CISF Via Giotto, 36 MILANO & EDIZIONI SAN PAOLO SRL,  Piazza Soncino, 5 CINISELLO BALSAMO (MI) -- ITALY